Recinte Escola Industrial
Publicado:
Barcelona :
Diputació de Barcelona. Àrea d'Hisenda i Recursos Interns. Subdirecció de Logística ,
2009
Descripción Física:
1 f. plegat en 4 parts : il. col. ; 21 cm
MARC
| LEADER | 00000nam a2200000Ia 4500 | ||
|---|---|---|---|
| 001 | 21623 | ||
| 008 | 160829s2009 xx 000 0 cat d | ||
| 080 | |a FU-41-40 | ||
| 245 | |a Recinte Escola Industrial | ||
| 260 | |a Barcelona : |b Diputació de Barcelona. Àrea d'Hisenda i Recursos Interns. Subdirecció de Logística, |c 2009 | ||
| 300 | |a 1 f. plegat en 4 parts : |b il. col. ; |c 21 cm | ||
| 590 | |a Inclou un plànol del recinte | ||
| 610 | 2 | 0 | |a Escola Industrial de Barcelona |x Guies |
| 650 | |a Recinte de l'Escola Industrial (Barcelona) |x Guies |9 25386 | ||
| 710 | |a Barcelona (Catalunya : Província). |b Subdirecció de Logística |9 54723 | ||
| 901 | |a Arxiu | ||
| 942 | |n 1 |2 udc | ||
| 952 | |0 0 |1 0 |4 0 |6 FU4140 |7 1 |9 52536 |a Arxiu |b Arxiu |d 2016-12-01 |l 0 |o FU-41-40 |p 21623 |r 2016-12-01 00:00:00 |w 2016-12-01 |y ARXIU | ||
| 999 | |c 56384 |d 56384 | ||